Nuestra señora de Hiroshima /

Guardado en:
Autor Principal: Chaija, Patricio, 1982-, (Autor, autor.)
Formato: Libro
Idioma:Spanish
Publicado: Buenos Aires : Simurg, c2012.
Edición:1a. ed.
Materias:
Etiquetas: Agregar Etiqueta
Sin Etiquetas, Sea el primero en etiquetar este registro!
LEADER 00750nam a22002295a 4500
001 EUN.eunm007622
008 181122s2012####ag############000#1#spa#d
005 20240819102415.0
245 1 0 |a Nuestra señora de Hiroshima /  |c Patricio Chaija. 
250 |a 1a. ed. 
260 |a Buenos Aires :  |b Simurg,  |c c2012. 
300 |a 215 p. ;  |c 20 cm. 
020 |a 9789875541771 
100 1 |a Chaija, Patricio,  |d 1982-,  |e autor.  |4 aut 
082 0 4 |a A863.4  |2 15 
650 7 |a Literatura.  |2 unbist 
650 7 |a Siglo XXI.  |2 unbist 
651 0 |a Bahía Blanca (Argentina) 
651 7 |a Argentina.  |2 unbist 
653 |a Novela 
859 |a AR-BaUNS  |b BIB. CENTRAL - Sector A  |h A863.4  |i C347-5  |p 126835/018 
859 |a AR-BaUNS  |b BIB. CENTRAL - Sector A  |h A863.4  |i C347-5  |p 126836/018  |t Ej.2